Liquid Propellant Gun Technology / (Record no. 559982)

000 -LEADER
fixed length control field 00603nam a2200181Ia 4500
008 - FIXED-LENGTH DATA ELEMENTS--GENERAL INFORMATION
fixed length control field 210428s9999 xx 000 0 und d
020 ## - INTERNATIONAL STANDARD BOOK NUMBER
International Standard Book Number 9781563471964
082 ## - DEWEY DECIMAL CLASSIFICATION NUMBER
Classification number 660.04A498 L
100 ## - MAIN ENTRY--PERSONAL NAME
Personal name Gunter Klingenberg
245 #0 - TITLE STATEMENT
Title Liquid Propellant Gun Technology /
Statement of responsibility, etc. Gunter Klingenberg
260 ## - PUBLICATION, DISTRIBUTION, ETC.
Name of publisher, distributor, etc. American Institute of Aeronautics and Astronautics
Place of publication, distribution, etc. Washington, DC
Date of publication, distribution, etc. 1997
300 ## - PHYSICAL DESCRIPTION
Extent 461p
440 ## - SERIES STATEMENT/ADDED ENTRY--TITLE
Title Progress in astronautics and aeronautics V-175
9 (RLIN) 127147
700 ## - ADDED ENTRY--PERSONAL NAME
Personal name John D. Knapton
9 (RLIN) 127148
700 ## - ADDED ENTRY--PERSONAL NAME
Personal name Walter F. Morrison
9 (RLIN) 127149
700 ## - ADDED ENTRY--PERSONAL NAME
Personal name Gloria P. Wren
9 (RLIN) 127150
942 ## - ADDED ENTRY ELEMENTS (KOHA)
Koha item type Book
Source of classification or shelving scheme
Holdings
Withdrawn status Lost status Damaged status Not for loan Permanent Location Current Location Date acquired Total Checkouts Full call number Barcode Date last seen Price effective from Koha item type
        School of Chemical & Materials Engineering (SCME) School of Chemical & Materials Engineering (SCME) 04/11/7   660.04A498 L SCME-132 04/28/2021 04/28/2021 Book
© 2023 Central Library, National University of Sciences and Technology. All Rights Reserved.